| 000 | 00000nam 2200000zi 4500 |
| 001 | 9.947137 |
| 003 | CaOODSP |
| 005 | 20250121072117 |
| 006 | m o d f |
| 007 | cr mn||||||||| |
| 008 | 250120t20082008quco o f000 0 fre d |
| 020 | |a9780660636566 |q(imprimé) |
| 040 | |aCaOODSP|bfre|erda|cCaOODSP |
| 041 | 0 |aeng|afre |
| 043 | |an-cn-qu|an-cn--- |
| 086 | 1 |aNM24-20/2008-PDF|zNM24-20/2008 |
| 100 | 0 |aMalak, |ephotographe. |
| 245 | 14|aThe Canadian Museum of Civilization / |cphotographs by Malak ; with additional photos by Hans Blohm, Steven Darby, Harry Foster ; introduction by Victor Rabinovitch = Le MuseĢe canadien des civilisations / photographies par Malak ; avec photographies additionnelles par Hans Blohm, Steven Darby, Harry Foster ; introduction par Victor Rabinovitch. |
| 246 | 11|aMusée canadien des civilisations |
| 250 | |a7th ed. = 7e éd. |
| 264 | 1|aGatineau, Quebec : |bCanadian Museum of Civilization = Musée canadien des civilisations, |c2008. |
| 264 | 4|c©2008 |
| 300 | |a1 ressource en ligne (103 pages non numérotées) : |bphotographies en couleur |
| 336 | |atexte|btxt|2rdacontent/fre |
| 337 | |ainformatique|bc|2rdamedia/fre |
| 338 | |aressource en ligne|bcr|2rdacarrier/fre |
| 500 | |aÉdition numérisée de l'imprimée [par Direction des publications du gouvernement du Canada]. |
| 546 | |aTexte en anglais et en français. |
| 610 | 26|aMusée canadien des civilisations|vOuvrages illustrés. |
| 650 | 6|aMusées nationaux|zCanada|vOuvrages illustrés. |
| 655 | 7|aOuvrages illustrés|2rvmgf |
| 700 | 1 |aBlohm, Hans, |ephotographe. |
| 700 | 1 |aDarby, Stephen, |ephotographe. |
| 700 | 1 |aFoster, Harry, |ephotographe. |
| 700 | 1 |aRabinovitch, Victor, |eauteur. |
| 710 | 2 |aMusée canadien des civilisations, |eorganisme de publication. |
| 776 | 0#|tMusée canadien des civilisations : |w(CaOODSP)9.669694 |
| 788 | |tThe Canadian Museum of Civilization / |eeng|w(CaOODSP)9.947134 |
| 856 | 40|qPDF|s76.60 Mo|uhttps://publications.gc.ca/collections/collection_2025/mch-cmh/NM24-20-2008.pdf |